War and society in colonial India 1807-1945 / (Record no. 36942)

MARC details
000 -LEADER
fixed length control field 01001nam a22002777a 4500
003 - CONTROL NUMBER IDENTIFIER
control field dpl
005 - DATE AND TIME OF LATEST TRANSACTION
control field 2010071403033.0
008 - FIXED-LENGTH DATA ELEMENTS--GENERAL INFORMATION
fixed length control field 100714t xxu||||| |||| 00| 0 eng d
010 ## - LIBRARY OF CONGRESS CONTROL NUMBER
LC control number ENG-96397
020 ## - INTERNATIONAL STANDARD BOOK NUMBER
International Standard Book Number 9780198068310
Terms of availability 395.00
020 ## - INTERNATIONAL STANDARD BOOK NUMBER
International Standard Book Number 019806831x
Terms of availability 395.00
035 ## - SYSTEM CONTROL NUMBER
System control number EN-79930
037 ## - SOURCE OF ACQUISITION
Source of stock number/acquisition D.B.Act / PUB
040 ## - CATALOGING SOURCE
Original cataloging agency dpl
Language of cataloging Eng
Transcribing agency dpl
082 ## - DEWEY DECIMAL CLASSIFICATION NUMBER
Classification number 954.08
245 ## - TITLE STATEMENT
Title War and society in colonial India 1807-1945 /
Remainder of title edited by Kaushik Roy
250 ## - EDITION STATEMENT
Edition statement 2nd ed
260 ## - PUBLICATION, DISTRIBUTION, ETC. (IMPRINT)
Place of publication, distribution, etc New Delhi
Name of publisher, distributor, etc Oxford University Press
Date of publication, distribution, etc 2010
270 ## - ADDRESS
Address YMCA Library Building, Jai Singh Road,
City New Delhi, Akshaya Prakashan
State or province Delhi
Postal code 110 001
300 ## - PHYSICAL DESCRIPTION
Extent vi, 392 p.
Dimensions 23cm (pbk)
490 ## - SERIES STATEMENT
Series statement Themes in Indian history
500 ## - GENERAL NOTE
General note Includes bibliographical references
700 ## - ADDED ENTRY--PERSONAL NAME
Personal name Roy, Kaushik
942 ## - ADDED ENTRY ELEMENTS (KOHA)
Institution code [OBSOLETE] dpl
Koha item type English Books
Source of classification or shelving scheme Dewey Decimal Classification
Classification part 954.08
Call number suffix WAR
Holdings
Withdrawn status Lost status Source of classification or shelving scheme Damaged status Not for loan Collection code Home library Current library Date acquired Source of acquisition Cost, normal purchase price Total Checkouts Full call number Barcode Date last seen Copy number Cost, replacement price Price effective from Koha item type
    Dewey Decimal Classification   Not For Loan Non-fiction D.B.Act.Division D.B.Act.Division 14/07/2010 DBAD/PUB 395.00   954.08 WAR EN-79930 14/07/2010 1 395.00 14/07/2010 English Books

© Delhi Public Library
Hit Counter
free hit counter